Vista normal
Vista MARC
Entrada Personal Name
Número de registros utilizados en: 5
001 - CONTROL NUMBER
- control field: 49
003 - CONTROL NUMBER IDENTIFIER
- control field: AR-EsCIE
005 - DATE AND TIME OF LATEST TRANSACTION
- control field: 20250207114011.0
008 - FIXED-LENGTH DATA ELEMENTS
- fixed length control field: 240906|| aca||aabn | a|a d
040 ## - CATALOGING SOURCE
- Original cataloging agency: AR-EsCIE
100 1# - HEADING--PERSONAL NAME
- Personal name: Neri Winter, Ariel F.
400 ## - SEE FROM TRACING--PERSONAL NAME
- Personal name: Neri, Ariel
670 ## - SOURCE DATA FOUND
- Source citation: Climate vulnerability of Nothofagus pumilio, Nothofagus dombeyi and Austrocedrus chilensis in northern Patagonia’s temperate forests. Forest Ecology and Management. Volume 572, 15 November 2024, 122261. https://doi.org/10.1016/j.foreco.2024.122261
